Представление документа в формате RUSMARC

ПолеНазваниеЗначение
  Тип записи a
  Библиографический уровень m
001 Контрольный номер RU/ГПНТБ России/IBIS/84(2=411.2)6/Я 47-558482648
005 Дата корректировки 20260608144439.9
010 Индекс ISBN __
a ISBN 978-5-222-44360-6
b Уточнения в пер.
9 Тираж 4000
100 Данные общей обработки __
a Данные общей обработки 20260608d2025 bc y0rusy0250 ca
101 Язык документа 0_
a Язык текста rus
102 Страна публикации __
a Страна публикации RU
105 Кодированные данные (монография) __
a Кодированные данные (монография) a z 000zy
181 Поле кодированных данных: вид содержания _0
a Код вида содержания (ISBD) i
b Код характеристики содержания (ISBD) e
182 Поле кодированных данных: тип средства _0
a Код типа средства (ISBD) n
200 Заглавие и сведения об ответственности 1_
a Заглавие Русалка Морелика и каникулы в Глубинке
f Первые сведения об ответственности Нюта Яковлева
g Последующие сведения об ответственности нарисовала Кристина Лебедева
203 Вид содержания и тип средства __
c Тип средства непосредственный
a Вид содержания Текст
b Характеристика содержания визуальный
210 Выходные данные 1_
a Место издания Ростов-на-Дону
c Издательство Феникс
c Издательство Феникс-Премьер
d Дата издания 2025
215 Физическое описание __
a Объем 61, [2] с.
c Иллюстрации/тип воспроизводства цв. ил.
d Формат 25 см
225 Серия 2_
a Серия Сказочное детство
333 Примечание о целевом назначении __
a Примечание о целевом назначении информационная продукция для детей, не достигших возраста шести лет
333 Примечание о целевом назначении __
a Примечание о целевом назначении для детей ясельного возраста, 0-5 лет
333 Примечание о целевом назначении __
a Примечание о целевом назначении для детей от 5 до 7 лет
610 Ключевые слова 1_
a Ключевые слова детская литература
610 Ключевые слова 1_
a Ключевые слова сказки для детей
610 Ключевые слова 1_
a Ключевые слова сказки о дружбе
610 Ключевые слова 1_
a Ключевые слова добрые истории
610 Ключевые слова 1_
a Ключевые слова сказочные существа
686 Индексы других классификаций __
2 Код системы rubbk
a Классификационный индекс 84(2=411.2)6
700 Автор _1
a Фамилия Яковлева
b Имя Н.
g Полное личное имя Нюта
f Даты 1979-
4 Код отношения 070
702 Вторичная интеллектуальная ответственность _1
a Фамилия Лебедева
b Имя К.
g Полное личное имя Кристина
4 Код отношения 440
801 Источник записи _0
b Организация ГПНТБ России
a Страна RU
c Дата составления 20260608
801 Источник записи _1
b Организация ГПНТБ России
a Страна RU
c Дата составления 20260608
852 Данные о местонахождении 5_
a Наименование организации ГПНТБ России
m Суффикс шифра хранения 10608
b Сигла хранения ЦГБ
j Шифр хранения 84(2=411.2)6
p Инвентарный номер RU
899 Данные о местонахождении __
a Местонахождение ГПНТБ России
p Штрих-код 10608
b Место хранения ЦГБ
h Классификационная часть РШ 84(2=411.2)6
i Авторский знак Я 47
901 Тип документа __
a Ответственный заим.